Beast Quest #5: The Shade of Death - Statistics

General Stats
  • This quiz has been taken 14 times
  • The average score is 5 of 6
Answer Stats
Answer % Correct
Krabb, Master of the Sea
91%
Amictus the Bug Queen
82%
Koldo the Arctic Warrior
82%
Trema the Earth Lord
82%
Rokk the Walking Mountain
73%
Hawkite, Arrow of the Air
55%
No matching quizzes found
Score Distribution
Percent of People with Each Score
Percentile by Number Answered
Your Score History
You have not taken this quiz